Guess the Disney Song by a Lyric #2 - Statistics

General Stats
  • This quiz has been taken 463 times
  • The average score is 10 of 15
Answer Stats
Lyrics Title Movie % Correct
"I don't care what they're going to say. Let the storm rage on. The cold never bothered me anyway" Let It Go Frozen
89%
"Who is that girl I see, staring straight back at me?" Reflection Mulan
85%
"I know it's a lot: the hair, the bod! When you're staring at a demigod" You're Welcome Moana
81%
"I'm gonna be a mighty king, so enemies beware" I Just Can't Wait to Be King The Lion King
77%
"I wish I could be the perfect daughter, but I come back to the water, no matter how hard I try" How Far I'll Go Moana
75%
"Salagadoola menchicka boola! Bibbidi-bobbidi-boo! Put them together and what have you got? Bibbidi-bobbidi-boo" Bibbidi-Bobbidi-Boo Cinderella
72%
"Up on the shore they work all day. Out in the sun they slave away" Under the Sea The Little Mermaid
70%
"Call us brutal, sick, sadistic and grotesquely optimistic, 'cause way down deep inside we've got a dream" I've Got a Dream Tangled
69%
"When I was a lad, I ate four dozen eggs every morning to help me get large" Gaston Beauty and the Beast
67%
"No chance, no way. I won't say it, no, no. You swoon, you sigh. Why deny it? Uh-oh" I Won't Say (I'm in Love) Hercules
66%
"Even though the sound of it is something quite atrocious. If you say it loud enough, you'll always sound precocious" Supercalifragilisticexpialidocious Mary Poppins
56%
"We dig dig dig dig dig dig dig in a mine the whole day through, to dig dig dig dig dig dig dig is what we like to do" Heigh-Ho Snow White and the Seven Dwarfs
55%
"Anything your heart desires will come to you" When You Wish Upon a Star Pinocchio
42%
"Then tell me, Maria, why I see her dancing there, why her smold'ring eyes still scorch my soul?" Hellfire The Hunchback of Notre Dame
28%
"Hi-ho the me-ri-o! That's the only way to go. I want the world to know, nothing ever worries me" I've Got No Strings Pinocchio
19%
No matching quizzes found
Score Distribution
Percent of People with Each Score
Percentile by Number Answered
Your Score History
You have not taken this quiz